000 00291nam a2200121Ia 4500
008 191201s2013 xx 000 0 und d
100 _aPANDEY, Adesh K
245 0 _aNetwork Security and Administration
260 _bkatson
_c2013
300 _a279
650 _aB.Tech(CSE)
942 _2ddc
_cBK
999 _c6874
_d6874